| 000 | 00820nam a22002897a 4500 | ||
|---|---|---|---|
| 001 | 5250 | ||
| 003 | FISKH | ||
| 005 | 20250821132921.0 | ||
| 008 | 241121b cb ||||| |||| 00| 0 eng d | ||
| 020 | _a9780590623575 | ||
| 040 |
_aFISKH _beng _cFISKH _dFISKKH |
||
| 050 | _aPZ7.J1544 | ||
| 082 | _a813 | ||
| 100 |
_aJames, Simon _d(1961–) |
||
| 245 |
_aDear mr, blueberry / _cSimon James |
||
| 250 | _aPublished in 1991 | ||
| 260 |
_aNew York : _bScholastic, _c1991. |
||
| 300 |
_a24 pages : _bcolor illustrations ; _c21 cm |
||
| 505 | _aR | ||
| 520 | _aA young girl and her teacher correspond about the whale she has discovered in her pond. | ||
| 521 | 8 |
_a660
_bLexile |
|
| 521 | 8 |
_aR
_bRaz-Plus |
|
| 650 |
_2Whales _aWriting |
||
| 650 |
_2Fiction _aOcean |
||
| 942 |
_2ddc _cBK _n0 |
||
| 999 |
_c5250 _d5250 |
||